Escuela y conocimiento /
Guardado en:
| Autor Principal: | |
|---|---|
| Formato: | Libro |
| Publicado: |
Buenos Aires :
Mi¤o y D vila,
1988
|
| Series: | Cuadernos, Flacso
|
| Materias: | |
| Etiquetas: |
Agregar Etiqueta
Sin Etiquetas, Sea el primero en etiquetar este registro!
|
| LEADER | 00582nam a22002055a 4500 | ||
|---|---|---|---|
| 001 | CEM.cems002267 | ||
| 005 | 20060216000000.0 | ||
| 008 | 130507s1988##################000#0#####d | ||
| 003 | CEMS | ||
| 082 | 0 | 4 | |a 370.1 |
| 100 | 1 | |a Entel, Alicia | |
| 245 | 1 | 0 | |a Escuela y conocimiento / |c Alicia Entel |
| 260 | |a Buenos Aires : |b Mi¤o y D vila, |c 1988 | ||
| 300 | |a 44 p. | ||
| 490 | 0 | |a Cuadernos, Flacso | |
| 653 | |a Conocimiento | ||
| 653 | |a Conocimiento y adolescencia | ||
| 653 | |a Educacion | ||
| 653 | |a Reduccionismo escolar | ||
| 859 | |a CEMS |b BIB. CEMS - 11 de abril |h 370.1 |i En82 |p 15916.90 |t Ej.1 | ||
